00412nam a2200181Ia 4500008004000000041000800040082001200048100002300060245004300083260003300126300001200159650000800171650000700179650000700186650001200193650001100205650001400216210210b1854 xxu||||| |||| 00| 0 eng d aeng a230/167 aWISEMAN (Cardinal) aFabiola or the church of the catacombs aLondonbBurns & oates,c1854 axii,324 athe aor aof aFabiola achurch acatacombs